Bộ luật thương mại và những ngoại lệ về kiểm soát của Nhật ( Song ngữ )

Zapisane w:
Opis bibliograficzny
Format: Książka
Wydane: 1994
Etykiety: Dodaj etykietę
Nie ma etykietki, Dołącz pierwszą etykiete!
Thư viện lưu trữ: Mạng thư viện Đại học Đà Nẵng
LEADER 00504nam a22001811a 4500
001 000038954
003 15249
005 20160412021859.0
008 160412s1994 000
082 |a 4V(TK)333 
245 |a Bộ luật thương mại và những ngoại lệ về kiểm soát của Nhật ( Song ngữ )  |c Trần Nhâm 
260 |c 1994 
OWN |a LNN 
999 |a From the UDN01 
TYP |a Monograph 
980 |a Mạng thư viện Đại học Đà Nẵng